Khudi Ki Talash\ (Record no. 614124)

000 -LEADER
fixed length control field 00569nam a22001697a 4500
082 ## - DEWEY DECIMAL CLASSIFICATION NUMBER
Classification number 891.439109
Author Mark ALI
100 ## - MAIN ENTRY--PERSONAL NAME
Personal name Abid Ali, Mian
245 ## - TITLE STATEMENT
Title Khudi Ki Talash\
260 ## - PUBLICATION, DISTRIBUTION, ETC.
Place of publication, distribution, etc. Lahore;
Name of publisher, distributor, etc. Ilm-o-irfan,
Date of publication, distribution, etc. 2021.
300 ## - PHYSICAL DESCRIPTION
Extent 152p. ;
Dimensions 25cm.
563 ## - BINDING INFORMATION
Binding note HB
650 ## - SUBJECT ADDED ENTRY--TOPICAL TERM
Topical term or geographic name entry element a Personality development , Religious aspects, Islam.
880 ## - ALTERNATE GRAPHIC REPRESENTATION
Linkage 100-01\(3\r
Title علی, میاں عابد
880 ## - ALTERNATE GRAPHIC REPRESENTATION
Linkage 245-02\(3\r
Title خودی کی تلاش\
b میاں عابد علی
880 ## - ALTERNATE GRAPHIC REPRESENTATION
Linkage 260-03\(3\r
Title لاہور;
b علم و عرفان,
c 2021
942 ## - ADDED ENTRY ELEMENTS (KOHA)
Source of classification or shelving scheme
Koha item type Book
650 ## - SUBJECT ADDED ENTRY--TOPICAL TERM
-- 129440
Holdings
Withdrawn status Lost status Source of classification or shelving scheme Damaged status Not for loan Permanent Location Current Location Date acquired Total Checkouts Full call number Barcode Date last seen Price effective from Koha item type
          Central Library (CL) Central Library (CL) 07/08/2025   891.439109 ALI CL-D-2916 07/08/2025 07/08/2025 Book
© 2023 Central Library, National University of Sciences and Technology. All Rights Reserved.